On the South African Frontier: (Record no. 33889)
[ view plain ]
| 000 -LEADER | |
|---|---|
| fixed length control field | 00737nam a2200229Ia 4500 |
| 003 - CONTROL NUMBER IDENTIFIER | |
| control field | 0100 |
| 005 - DATE AND TIME OF LATEST TRANSACTION | |
| control field | 20160205150824.0 |
| 008 - FIXED-LENGTH DATA ELEMENTS--GENERAL INFORMATION | |
| fixed length control field | 130303s9999 xx 000 0 und d |
| 040 ## - CATALOGING SOURCE | |
| Transcribing agency | ARRUPELIB DAVIDBEACH |
| 050 ## - LIBRARY OF CONGRESS CALL NUMBER | |
| Classification number | DT958.B7 1970 |
| 300 ## - PHYSICAL DESCRIPTION | |
| Other physical details | 457p. 23 cm. |
| 100 ## - MAIN ENTRY--PERSONAL NAME | |
| Personal name | Brown, William Harvey |
| 9 (RLIN) | 22029 |
| 245 ## - TITLE STATEMENT | |
| Title | On the South African Frontier: |
| 245 ## - TITLE STATEMENT | |
| Remainder of title | The Adventures and observations of an American in Mashonaland and Matebeleland |
| 260 ## - PUBLICATION, DISTRIBUTION, ETC. (IMPRINT) | |
| Place of publication, distribution, etc | Bulawayo |
| 260 ## - PUBLICATION, DISTRIBUTION, ETC. (IMPRINT) | |
| Name of publisher, distributor, etc | Books of Bulawayo |
| Date of publication, distribution, etc | 1899 |
| 300 ## - PHYSICAL DESCRIPTION | |
| Extent | xxii |
| 440 ## - SERIES STATEMENT/ADDED ENTRY--TITLE | |
| Title | Rhodesiana reprint library: Gold series n.12 |
| 9 (RLIN) | 22030 |
| 650 ## - SUBJECT ADDED ENTRY--TOPICAL TERM | |
| Topical term or geographic name as entry element | Rhodesia |
| General subdivision | Description and travel |
| 9 (RLIN) | 22031 |
| 650 ## - SUBJECT ADDED ENTRY--TOPICAL TERM | |
| Topical term or geographic name as entry element | South Africa |
| General subdivision | Description and travel |
| 9 (RLIN) | 21997 |
| 942 ## - ADDED ENTRY ELEMENTS (KOHA) | |
| Source of classification or shelving scheme | Library of Congress Classification |
| Koha item type | SPC |
| Withdrawn status | Lost status | Source of classification or shelving scheme | Damaged status | Not for loan | Collection code | Home library | Current library | Shelving location | Date acquired | Total Checkouts | Full call number | Barcode | Date last seen | Date checked out | Copy number | Price effective from | Koha item type |
|---|---|---|---|---|---|---|---|---|---|---|---|---|---|---|---|---|---|
| Library of Congress Classification | Main Collection | ARRUPE LIBRARY | ARRUPE LIBRARY | 04/03/2013 | 1 | DT958.B7 1970 | 46003034753 | 07/01/2020 | 19/12/2019 | 1 | 04/03/2013 | Monograph ( Printed materials) | |||||
| Library of Congress Classification | SPECIAL Collection | ARRUPE LIBRARY | ARRUPE LIBRARY | 04/03/2013 | SPC DT958.B7 1970 | 46500001631 | 04/03/2013 | 2 | 04/03/2013 | SPC | |||||||
| Library of Congress Classification | SPECIAL Collection | ARRUPE LIBRARY | ARRUPE LIBRARY | Reference | 28/01/2016 | SPC DT958.B7 1899 | 46500006160 | 05/07/2018 | 3 | 28/01/2016 | SPC |